ระบบห้องสมุดอัตโนมัติ ULibM
วิทยาลัยพยาบาลบรมราชชนนี พระพุทธบาท
เปลี่ยนเป็นภาษาไทย

Change to English
 แสดงรายละเอียดบรรณานุกรม
  กลับหน้าหลัก

Brief Record : Get Marc (ISO 2709) : E-mail record : QR code ปิดหน้าต่าง
E-books : เกี่ยวกับ Collections
LEADER 00000nam 2200000uu 4500
001    13399124079
003     ULIBM
008    240156s2555 th a 000 0 tha d
020    9786162231476
100    อาภาพร เผ่าวัฒนา
245    การสร้างเสริมสุขภาพและป้องกันโรคในชุมชน : การประยุกต์แนวคิดและทฤษฎีสู่การปฏิบัติ = Health promotion and desease prevention in community : An application of concepts and theories to practice
250    พิมพ์ครั้งที่ 2
260    ขอนแก่น :^bคลังนานาวิทยา,^c2555
300    250 หน้า
650    การสร้างเสริมสุขภาพชุมชน
945    ^p0^l0^i019502
945    ^p0^l0^i019503
945    ^p0^l0^i019504
945    ^p0^l0^i019505
945    ^p0^l0^i019506
945    ^p0^l0^i019507
945    ^p0^l0^i019508
945    ^p0^l0^i019509
945    ^p0^l0^i019510
945    ^p0^l0^i019511
999    ^aน.ส.สุพรรษา เริงรื่น
รายการนี้ยังไม่มีแท็ก
คุณยังไม่ได้ล็อกอิน คุณสามารถมีกิจกรรมร่วมกับเว็บไซต์ได้ แต่ต้องล็อกอินก่อน ::
  ล็อกอิน
ลำดับที่ ประเภท เลขเรียก สถานที่ สถานะ
1.
WA590 อ523ก 2555  
  
วิทยาลัยพยาบาลบรมราชชนนี พระพุทธบาท
►หนังสือทั่วไป
On Shelf
2.
WA590 อ523ก 2555 ฉ.2 
  
วิทยาลัยพยาบาลบรมราชชนนี พระพุทธบาท
►หนังสือทั่วไป
On Shelf
3.
WA590 อ523ก 2555 ฉ.3 
  
วิทยาลัยพยาบาลบรมราชชนนี พระพุทธบาท
►หนังสือทั่วไป
On Shelf
4.
WA590 อ523ก 2555 ฉ.4 
  
วิทยาลัยพยาบาลบรมราชชนนี พระพุทธบาท
►หนังสือทั่วไป
On Shelf
5.
WA590 อ523ก 2555 ฉ.5 
  
วิทยาลัยพยาบาลบรมราชชนนี พระพุทธบาท
►หนังสือทั่วไป
On Shelf
6.
WA590 อ523ก 2555 ฉ.6 
  
วิทยาลัยพยาบาลบรมราชชนนี พระพุทธบาท
►หนังสือทั่วไป
On Shelf
7.
WA590 อ523ก 2555 ฉ.7 
  
วิทยาลัยพยาบาลบรมราชชนนี พระพุทธบาท
►หนังสือทั่วไป
On Shelf
8.
WA590 อ523ก 2555 ฉ.8 
  
วิทยาลัยพยาบาลบรมราชชนนี พระพุทธบาท
►หนังสือทั่วไป
On Shelf
9.
WA590 อ523ก 2555 ฉ.9 
  
วิทยาลัยพยาบาลบรมราชชนนี พระพุทธบาท
►หนังสือทั่วไป
On Shelf
10.
WA590 อ523ก 2555 ฉ.10 
  
วิทยาลัยพยาบาลบรมราชชนนี พระพุทธบาท
►หนังสือทั่วไป
On Shelf
   [แสดง 10/10 รายการ]

Bib 13399124079